[Event "4th ChessMates Murmansk 2020"]
[Site "Murmansk"]
[Date "2020.03.13"]
[Round "1.29"]
[White "Yatchenko, Leonid"]
[Black "Filimonov, Viktor"]
[Result "1-0"]
[WhiteElo "1705"]
[BlackElo "1481"]
[Annotator "NA RC"]
[PlyCount "117"]
[EventDate "2020.03.13"]
[EventType "team-tourn"]
[EventCountry "RUS"]
[SourceTitle "playchess.com"]
[Source "ChessBase"]
[SourceQuality "1"]
[TimeControl "5400+30"]

1. e4 {[%emt 0:00:00]} c6 {[%emt 0:00:00]} 2. d4 {[%emt 0:00:00]} d5 {[%emt 0:00:00]} 3. Nc3 {[%emt 0:00:00]} dxe4 {[%emt 0:00:00]} 4. Nxe4 {[%emt 0:00:00]} Bf5 {[%emt 0:00:24]} 5. Ng3 {[%emt 0:00:00]} Bg6 {[%emt 0:00:18]} 6. h4 {[%emt 0:00:08]} h6 {[%emt 0:00:18]} 7. Nf3 {[%emt 0:00:09]} Nd7 {[%emt 0:00:45]} 8. h5 {[%emt 0:00:09]} Bh7 {[%emt 0:00:24]} 9. Bd3 {[%emt 0:00:09]} Bxd3 {[%emt 0:00:30]} 10. Qxd3 {[%emt 0:00:10]} e6 {[%emt 0:00:23]} 11. Bd2 {[%emt 0:00:06]} Ngf6 {[%emt 0:00:37]} 12. O-O-O {[%emt 0:00:11]} Be7 {[%emt 0:00:51]} 13. Qe2 {[%emt 0:00:31]} O-O {[%emt 0:02:35]} 14. Ne5 {[%emt 0:00:20]} Rc8 {[%emt 0:05:57]} 15. Ne4 {[%emt 0:11:03]} Nxe4 {[%emt 0:00:57]} 16. Qxe4 {[%emt 0:00:43]} Nf6 {[%emt 0:00:19]} 17. Qe2 {[%emt 0:06:18]} Qd5 {[%emt 0:04:01]} 18. Kb1 {[%emt 0:13:00]} Qe4 {[%emt 0:02:52]} 19. Qxe4 {[%emt 0:02:57]} Nxe4 {[%emt 0:00:12]} 20. Be1 {[%emt 0:00:12]} Rfd8 {[%emt 0:01:54]} 21. f3 {[%emt 0:00:16]} Nd6 {[%emt 0:01:35]} 22. Bf2 {[%emt 0:00:46]} Nb5 {[%emt 0:02:55]} 23. Rd3 {[%emt 0:05:18]} Bf6 {[%emt 0:04:57]} 24. Rhd1 {[%emt 0:05:25]} Nc7 {[%emt 0:04:12]} 25. c4 {[%emt 0:00:35]} Ne8 {[%emt 0:04:52]} 26. g4 {[%emt 0:04:05]} b5 {[%emt 0:05:35]} 27. b3 {[%emt 0:07:03]} Nd6 {[%emt 0:05:17]} 28. Kc2 {[%emt 0:01:35]} Nb7 {[%emt 0:03:58]} 29. c5 {[%emt 0:03:40]} Rd5 {[%emt 0:01:30]} 30. b4 {[%emt 0:01:39]} Bxe5 {[%emt 0:08:21]} 31. dxe5 {[%emt 0:01:09]} Kf8 {[%emt 0:01:10]} 32. Ra3 {[%emt 0:03:11]} Ra8 {[%emt 0:02:30]} 33. Rxd5 {[%emt 0:01:52]} exd5 {[%emt 0:00:22]} 34. Ra6 {[%emt 0:00:09]} Nd8 {[%emt 0:02:48]} 35. Bh4 {[%emt 0:03:26]} Ne6 {[%emt 0:02:06]} 36. Kd3 {[%emt 0:01:49]} Nf4+ {[%emt 0:01:40]} 37. Kd4 {[%emt 0:00:40]} Ne6+ {[%emt 0:01:45]} 38. Ke3 {[%emt 0:00:14]} Rc8 {[%emt 0:01:51]} 39. Rxa7 {[%emt 0:00:25]} Re8 {[%emt 0:03:14]} 40. Kd3 {[%emt 0:08:29]} Nf4+ {[%emt 0:01:41]} 41. Kd2 {[%emt 0:00:08]} Kg8 {[%emt 0:02:24]} 42. Bg3 {[%emt 0:00:19]} Ne6 {[%emt 0:00:17]} 43. f4 {[%emt 0:00:19]} Rd8 {[%emt 0:02:19]} 44. Ra6 {[%emt 0:00:17]} Rc8 {[%emt 0:00:49]} 45. Ke3 {[%emt 0:05:03]} Kf8 {[%emt 0:02:42]} 46. Kd3 {[%emt 0:13:15]} Ke8 {[%emt 0:00:20]} 47. Ke3 {[%emt 0:01:08]} Kf8 {[%emt 0:00:13]} 48. Bf2 {[%emt 0:00:13]} Ke8 {[%emt 0:00:34]} 49. Kf3 {[%emt 0:00:20]} Kf8 {[%emt 0:01:11]} 50. Be3 {[%emt 0:00:18]} Ke8 {[%emt 0:02:16]} 51. Ke2 {[%emt 0:01:01]} Ke7 {[%emt 0:01:09]} 52. Kd3 {[%emt 0:00:39]} Ke8 {[%emt 0:00:52]} 53. f5 {[%emt 0:00:07]} Nf8 {[%emt 0:00:18]} 54. Kd4 {[%emt 0:00:45]} Nd7 {[%emt 0:00:28]} 55. Bf4 {[%emt 0:01:39]} Ke7 {[%emt 0:00:50]} 56. Ra7 {[%emt 0:00:09]} Ke8 {[%emt 0:01:56]} 57. e6 {[%emt 0:00:07]} fxe6 {[%emt 0:00:13]} 58. fxe6 {[%emt 0:00:09]} Nf8 {[%emt 0:00:19]} 59. Ke5 {[%emt 0:00:10]} 1-0

[Event "4th ChessMates Murmansk 2020"]
[Site "Murmansk"]
[Date "2020.03.13"]
[Round "1.30"]
[White "Simakov, Vadim"]
[Black "Zaytsev, Egor"]
[Result "0-1"]
[WhiteElo "1605"]
[BlackElo "1871"]
[Annotator "NA RC"]
[PlyCount "84"]
[EventDate "2020.03.13"]
[EventType "team-tourn"]
[EventCountry "RUS"]
[SourceTitle "playchess.com"]
[Source "ChessBase"]
[SourceQuality "1"]
[TimeControl "5400+30"]

1. e4 {[%emt 0:00:00]} c5 {[%emt 0:00:00]} 2. c3 {[%emt 0:00:00]} Nf6 {[%emt 0:00:00]} 3. e5 {[%emt 0:00:00]} Nd5 {[%emt 0:00:00]} 4. d4 {[%emt 0:00:00]} cxd4 {[%emt 0:00:06]} 5. cxd4 {[%emt 0:00:04]} Nc6 {[%emt 0:00:13]} 6. Bc4 {[%emt 0:00:40]} Nb6 {[%emt 0:00:13]} 7. Bb3 {[%emt 0:00:17]} d6 {[%emt 0:00:28]} 8. exd6 {[%emt 0:00:55]} Qxd6 {[%emt 0:00:09]} 9. Nf3 {[%emt 0:00:25]} Na5 {[%emt 0:03:14] [#] B22: Sicilian: 2 c3.} 10. O-O $146 {[%emt 0:01:00]} ({Predecessor:} 10. Bc2 Bg4 11. O-O Nc6 12. Be3 Rc8 13. Nc3 e6 14. Bb3 Na5 15. Bc2 Be7 16. d5 O-O 17. dxe6 Qxe6 {0-1 (49) Krauss,J (2110)-Bittner,H (1950) Bayern 1998}) 10... Nxb3 {[%emt 0:02:19]} 11. axb3 {[%emt 0:00:46]} g6 {[%emt 0:00:54]} 12. Nc3 {[%emt 0:00:31]} a6 {[%emt 0:03:57]} 13. Bg5 {[%emt 0:02:26]} h6 {[%emt 0:07:20]} 14. Bh4 {[%emt 0:00:23]} Be6 {[%emt 0:05:27]} 15. Bg3 {[%emt 0:00:23]} Qd8 {[%emt 0:00:26]} 16. Be5 {[%emt 0:01:00]} Rg8 {[%emt 0:00:57]} 17. Re1 {[%emt 0:00:41]} Bg7 {[%emt 0:01:29]} 18. Qd2 {[%emt 0:00:43]} g5 {[%emt 0:02:44]} 19. Ra3 {[%emt 0:01:17]} Nd5 {[%emt 0:07:49]} 20. Qd3 {[%emt 0:01:51]} Bxe5 {[%emt 0:03:35]} 21. Nxe5 {[%emt 0:00:20]} Rg7 {[%emt 0:01:39]} 22. Ne4 {[%emt 0:01:35]} Nf4 {[%emt 0:03:56]} 23. Qd2 {[%emt 0:01:16]} Qd5 {[%emt 0:16:18]} 24. Ra5 {[%emt 0:01:47]} b5 {[%emt 0:05:02]} 25. Nf3 {[%emt 0:01:36]} Qf5 {[%emt 0:11:44]} 26. d5 {[%emt 0:02:17]} Qg4 {[%emt 0:04:11]} 27. Ng3 {[%emt 0:00:42]} Bxd5 {[%emt 0:02:48]} 28. Ne5 {[%emt 0:00:56]} Qc8 {[%emt 0:02:34]} 29. Ne4 $2 {[%emt 0:07:06]} (29. Nh5 $1 $11 Nxh5 30. Qxd5) 29... Bxe4 {[%emt 0:01:13]} 30. Rxe4 {[%emt 0:00:16]} Qb7 {[%emt 0:00:07]} 31. f3 {[%emt 0:02:15]} (31. Qe3 $142 f5 32. Rxf4 {[%mdl 64] Remove Defender} gxf4 33. Qf3 Qxf3 34. Nxf3) 31... Rd8 {[%emt 0:00:06]} 32. Qe1 {[%emt 0:00:46]} Qb6+ {[%emt 0:02:02]} 33. Kh1 {[%emt 0:00:27]} f6 {[%emt 0:03:35]} 34. Ng4 {[%emt 0:01:53]} (34. g3 $142 fxe5 35. gxf4) 34... f5 {[%emt 0:00:47] Double Attack} 35. Rxf4 {[%emt 0:00:43]} gxf4 {[%emt 0:00:15]} 36. Nf2 {[%emt 0:00:40]} Qe3 {[%emt 0:00:14]} 37. Qf1 {[%emt 0:00:53] [#]} Rd2 $1 {[%emt 0:01:32]} 38. Rxa6 {[%emt 0:00:55]} Re2 $19 {[%emt 0:00:24]} (38... Qxf2 39. Qxb5+ {[%mdl 64] Double Attack} Kf7 40. Qxf5+ {[%mdl 64] Double Attack} Ke8 41. Ra8+ Rd8 42. Qh5+ {[%mdl 64] Double Attack} Rg6 43. Qxg6+ Kd7 44. Qf5+ {[%mdl 64] Double Attack} e6 45. Qf7+ Kc6 46. Ra6+ Qb6 47. Qxe6+ {[%mdl 64] Double Attack} Rd6 48. Rxb6+) 39. Nd3 {[%emt 0:00:58]} Qxd3 {[%emt 0:00:52]} 40. Qc1 {[%emt 0:00:53] [#]} Qc2 $1 {[%emt 0:00:08]} 41. Rc6 {[%emt 0:00:44] [#]} Re1+ $1 {[%emt 0:00:19]} 42. Qxe1 {[%emt 0:00:07]} Qxg2# {[%emt 0:00:04]} 0-1

[Event "4th ChessMates Murmansk 2020"]
[Site "Murmansk"]
[Date "2020.03.13"]
[Round "2.1"]
[White "Andrijashkin, Deniss"]
[Black "Babanin, Gleb"]
[Result "0-1"]
[WhiteElo "1946"]
[BlackElo "2225"]
[Annotator "ChessBase"]
[PlyCount "98"]
[EventDate "2020.03.13"]
[EventType "team-tourn"]
[EventCountry "RUS"]
[SourceTitle "playchess.com"]
[Source "ChessBase"]
[SourceQuality "1"]
[TimeControl "5400+30"]

1. e4 {[%emt 0:00:00]} c5 {[%emt 0:00:00]} 2. Nf3 {[%emt 0:00:02]} d6 {[%emt 0:00:00]} 3. Bb5+ {[%emt 0:00:05]} Bd7 {[%emt 0:00:00]} 4. Bxd7+ {[%emt 0:00:05]} Qxd7 {[%emt 0:00:02]} 5. O-O {[%emt 0:00:44]} Nc6 {[%emt 0:00:13]} 6. c3 {[%emt 0:00:55]} Nf6 {[%emt 0:00:11]} 7. Re1 {[%emt 0:00:05]} e6 {[%emt 0:00:31]} 8. d4 {[%emt 0:00:05]} cxd4 {[%emt 0:00:09]} 9. cxd4 {[%emt 0:00:01]} d5 {[%emt 0:00:06]} 10. e5 {[%emt 0:00:04]} Ne4 {[%emt 0:00:05]} 11. Nbd2 {[%emt 0:00:04]} Nxd2 {[%emt 0:00:09]} 12. Bxd2 {[%emt 0:00:03]} Be7 {[%emt 0:00:07]} 13. Rc1 {[%emt 0:00:09]} O-O {[%emt 0:00:28]} 14. Rc3 {[%emt 0:04:09]} Rfc8 {[%emt 0:01:34]} 15. a3 {[%emt 0:00:13]} Qd8 {[%emt 0:01:26]} 16. Rd3 {[%emt 0:00:39]} b5 {[%emt 0:03:38]} 17. h4 {[%emt 0:00:06]} Na5 {[%emt 0:07:35]} 18. Ng5 {[%emt 0:09:31]} Qc7 {[%emt 0:18:42]} 19. Rc3 {[%emt 0:29:04]} Qb6 {[%emt 0:00:45]} 20. Rg3 {[%emt 0:00:22]} g6 {[%emt 0:14:16]} 21. Qf3 {[%emt 0:06:07]} Rf8 {[%emt 0:01:00]} 22. Qf4 {[%emt 0:03:06]} Bxg5 {[%emt 0:13:49]} 23. hxg5 {[%emt 0:08:03]} Nc6 {[%emt 0:00:09]} 24. Bc3 {[%emt 0:05:12]} Qd8 {[%emt 0:00:37]} 25. Rh3 {[%emt 0:01:17]} Kg7 {[%emt 0:00:27]} 26. Qf6+ {[%emt 0:29:35]} Qxf6 {[%emt 0:00:25]} 27. gxf6+ {[%emt 0:00:01]} Kg8 {[%emt 0:00:05]} 28. g4 {[%emt 0:00:38]} a5 {[%emt 0:00:31]} 29. Kg2 {[%emt 0:00:05]} b4 {[%emt 0:04:33]} 30. Bd2 {[%emt 0:00:19]} h5 {[%emt 0:02:39]} 31. Bh6 {[%emt 0:01:54]} Rfc8 {[%emt 0:03:09]} 32. Bg7 {[%emt 0:01:57]} Nxd4 {[%emt 0:00:17]} 33. Reh1 {[%emt 0:00:40]} Kh7 {[%emt 0:01:43]} 34. gxh5 {[%emt 0:01:06]} g5 {[%emt 0:00:07]} 35. Rg3 {[%emt 0:00:29]} Rc2 {[%emt 0:00:22]} 36. Rxg5 {[%emt 0:00:31]} Rxb2 {[%emt 0:00:16]} 37. Rh3 {[%emt 0:00:32]} a4 {[%emt 0:00:38]} 38. Rhg3 {[%emt 0:00:28]} Rb3 {[%emt 0:01:50]} 39. R3g4 {[%emt 0:00:30]} Nf5 {[%emt 0:00:17]} 40. h6 {[%emt 0:00:31]} Rg8 {[%emt 0:00:53]} 41. axb4 {[%emt 0:00:32]} a3 {[%emt 0:00:12]} 42. b5 {[%emt 0:00:07]} d4 {[%emt 0:00:03]} 43. Rxf5 {[%emt 0:00:11]} exf5 {[%emt 0:00:04]} 44. Rxd4 {[%emt 0:00:04]} Ra8 {[%emt 0:00:12]} 45. e6 {[%emt 0:00:51]} a2 {[%emt 0:01:02]} 46. e7 {[%emt 0:00:15]} a1=Q {[%emt 0:00:43]} 47. Rd8 {[%emt 0:00:03]} Rh3 {[%emt 0:00:26]} 48. Kxh3 {[%emt 0:00:20]} Qh1+ {[%emt 0:00:04]} 49. Kg3 {[%emt 0:00:05]} Ra3+ {[%emt 0:00:04]} 0-1

[Event "4th ChessMates Murmansk 2020"]
[Site "Murmansk"]
[Date "2020.03.13"]
[Round "2.2"]
[White "Sinitsina, Anastassia"]
[Black "Vaino, Nikita"]
[Result "1-0"]
[WhiteElo "2125"]
[BlackElo "1788"]
[Annotator "ChessBase"]
[PlyCount "43"]
[EventDate "2020.03.13"]
[EventType "team-tourn"]
[EventCountry "RUS"]
[SourceTitle "playchess.com"]
[Source "ChessBase"]
[SourceQuality "1"]
[TimeControl "5400+30"]

1. Nf3 {[%emt 0:00:00]} d5 {[%emt 0:00:00]} 2. c4 {[%emt 0:00:00]} e6 {[%emt 0:00:00]} 3. g3 {[%emt 0:00:43]} Nf6 {[%emt 0:00:00]} 4. Bg2 {[%emt 0:00:27]} Be7 {[%emt 0:03:37]} 5. O-O {[%emt 0:00:49]} O-O {[%emt 0:00:08]} 6. b3 {[%emt 0:00:50]} b6 {[%emt 0:00:30]} 7. Bb2 {[%emt 0:00:17]} Bb7 {[%emt 0:00:08]} 8. Qc2 {[%emt 0:01:00]} c5 {[%emt 0:00:36]} 9. cxd5 {[%emt 0:00:52]} exd5 {[%emt 0:02:39]} 10. d4 {[%emt 0:00:34]} Nbd7 {[%emt 0:00:41]} 11. Nc3 {[%emt 0:01:36]} Rc8 {[%emt 0:04:00]} 12. Rad1 {[%emt 0:03:07]} Ne4 {[%emt 0:06:50]} 13. dxc5 {[%emt 0:09:41]} Rxc5 {[%emt 0:03:54]} 14. Qd3 {[%emt 0:00:22]} Ndf6 {[%emt 0:02:44]} 15. Nd4 {[%emt 0:02:32]} Ra5 {[%emt 0:08:32]} 16. a4 {[%emt 0:04:19]} Rc5 {[%emt 0:04:13]} 17. Nf5 {[%emt 0:08:14]} Rc8 {[%emt 0:11:50]} 18. Nxe4 {[%emt 0:01:57]} dxe4 {[%emt 0:01:00]} 19. Qe3 {[%emt 0:00:25]} Nd5 {[%emt 0:07:41]} 20. Qxe4 {[%emt 0:06:20]} Bf6 {[%emt 0:03:32]} 21. Ba3 {[%emt 0:02:14]} Re8 {[%emt 0:00:14]} 22. Qg4 {[%emt 0:00:15]} 1-0

[Event "4th ChessMates Murmansk 2020"]
[Site "Murmansk"]
[Date "2020.03.13"]
[Round "2.3"]
[White "Aga, Rihard"]
[Black "Glukhov, Dmitriy"]
[Result "1-0"]
[WhiteElo "2054"]
[BlackElo "2012"]
[Annotator "TA"]
[PlyCount "99"]
[EventDate "2020.03.13"]
[EventType "team-tourn"]
[EventCountry "RUS"]
[SourceTitle "playchess.com"]
[Source "ChessBase"]
[SourceQuality "1"]

{[%evp 10,99,0,-12,20,19,29,19,17,11,15,-28,-24,-21,-39,-118,-91,-78,-81,-88,-93,-71,-58,-72,-69,-50,5,5,0,0,76,68,76,76,177,171,152,169,164,164,156,167,527,527,512,504,489,417,494,479,508,495,507,501,489,483,458,404,498,502,535,515,816,820,810,720,693,493,494,494,494,494,602,494,602,598,769,752,737,730,700,691,1455,1430,1109,1789,29969,29970,29981,29982,29972,29968]} 1. d4 Nf6 2. c4 e6 3. Nc3 Bb4 4. Qc2 O-O 5. Nf3 d5 6. e3 Re8 {E34: Nimzo-Indian: Classical: 4...d5.} 7. a3 Bf8 {[#]} 8. c5 $146 ({Predecessor:} 8. Bd3 Nbd7 9. O-O c6 10. Rd1 e5 11. cxd5 cxd5 12. Bb5 e4 13. Ne5 a6 14. Qa4 {1-0 (61) Anliker,P (2087)-Hedke,M (1773) Sottrum 2005}) 8... Nbd7 {The position is equal.} 9. Be2 e5 10. dxe5 Nxe5 11. Nxe5 Rxe5 12. Nb5 (12. b4 $15) 12... c6 13. Nd4 a5 14. Rb1 a4 15. Bd2 Ne4 16. Bb4 Qf6 17. O-O Bf5 (17... Bd7 $15) 18. Bd3 $11 Bg6 19. f4 $36 {[%mdl 2048] Black is under pressure.} Ree8 (19... Rh5 $11) 20. f5 $1 $16 {[%cal Rf5g6] Black is on the road to losing.} Bh5 21. Rf4 $1 Qe5 (21... g5 $16 22. fxg6 Qxg6) 22. Bxe4 $1 $18 dxe4 23. g4 g5 {[#]} 24. Rf2 $1 ({Much less strong is} 24. fxg6 $6 Bxg6 25. Nf5 Rad8 $14) 24... Bxg4 {[#]} 25. Rg2 $1 {[%cal Rg2g4]} Bxf5 $2 (25... h5) 26. Rxg5+ {[%mdl 64] Double Attack} Bg6 27. Rxe5 Rxe5 28. b3 axb3 29. Qxb3 Rg5+ 30. Kf2 Rd8 31. Rg1 Rh5 32. Rg2 Bg7 33. Qc4 Rdd5 34. Ne2 {[%cal Bd4e2,Be2f4,Bf4g6][%mdl 32]} Rhf5+ 35. Nf4 Rde5 (35... Be5 $142 36. Qxe4 Kf8) 36. Ke2 Kh8 37. Nxg6+ hxg6 38. Bc3 Rxc5 39. Bxg7+ Kxg7 40. Qxe4 b5 41. Rf2 Rxf2+ 42. Kxf2 {[%mdl 4096] Endgame And now Qd4+ would win. KQ-KR} Rc1 43. Qe5+ Kf8 44. Kf3 Rc4 45. e4 Kg8 46. Kf4 Rc2 47. Kg5 Kf8 48. Kh6 {White mates.} Rc4 49. Qd6+ Ke8 50. Kg7 {Accuracy: White = 91%, Black = 46%.} 1-0

[Event "4th ChessMates Murmansk 2020"]
[Site "Murmansk"]
[Date "2020.03.13"]
[Round "2.4"]
[White "Shelezhonkova, Kseniya"]
[Black "Nikitin, Arseni EST"]
[Result "0-1"]
[WhiteElo "1552"]
[BlackElo "1680"]
[Annotator "NA RC"]
[PlyCount "70"]
[EventDate "2020.03.13"]
[EventType "team-tourn"]
[EventCountry "RUS"]
[SourceTitle "playchess.com"]
[Source "ChessBase"]
[SourceQuality "1"]
[TimeControl "5400+30"]

1. e4 {[%emt 0:00:00]} c5 {[%emt 0:00:00]} 2. Nc3 {[%emt 0:00:00]} e6 {[%emt 0:00:00]} 3. f4 {[%emt 0:00:01]} d5 {[%emt 0:00:21]} 4. Nf3 {[%emt 0:00:08]} d4 {[%emt 0:00:30]} 5. Ne2 Nf6 6. d3 {[%emt 0:01:26]} Nc6 {[%emt 0:00:58]} 7. h3 {[%emt 0:00:32]} h5 {[%emt 0:00:27]} 8. g3 {[%emt 0:00:25]} a6 {[%emt 0:03:17]} 9. a4 {[%emt 0:02:13]} c4 {[%emt 0:03:24]} 10. Bg2 {[%emt 0:03:49]} Bc5 {[%emt 0:04:38]} 11. O-O {[%emt 0:08:20]} cxd3 {[%emt 0:02:20]} 12. cxd3 {[%emt 0:00:16]} O-O {[%emt 0:01:49]} 13. Kh1 {[%emt 0:02:12]} b6 {[%emt 0:01:33]} 14. Ng5 {[%emt 0:04:22]} e5 {[%emt 0:01:46]} 15. fxe5 {[%emt 0:09:51]} Nxe5 {[%emt 0:00:07]} 16. Bf4 {[%emt 0:00:58]} Qe7 {[%emt 0:00:19]} 17. Ng1 {[%emt 0:12:53]} Ra7 {[%emt 0:02:00]} 18. N1f3 {[%emt 0:03:23]} Ng6 {[%emt 0:03:10]} 19. b4 {[%emt 0:06:12]} Bxb4 {[%emt 0:15:32]} 20. Nxd4 {[%emt 0:00:24]} Bd7 {[%emt 0:01:41]} 21. Nc2 {[%emt 0:06:02]} Bc3 {[%emt 0:01:34]} 22. Ra3 {[%emt 0:01:46]} Be5 {[%emt 0:00:04]} 23. d4 {[%emt 0:06:30]} Bxf4 {[%emt 0:05:38]} 24. gxf4 {[%emt 0:00:10]} Rc8 {[%emt 0:00:07]} 25. Ra2 {[%emt 0:03:00]} Rac7 {[%emt 0:01:00]} 26. e5 {[%emt 0:04:43]} Ne8 {[%emt 0:04:41]} 27. Bd5 {[%emt 0:10:17]} Bc6 {[%emt 0:00:59]} 28. Bxc6 {[%emt 0:00:59]} Rxc6 {[%emt 0:00:05]} 29. d5 {[%emt 0:03:01]} Rc3 {[%emt 0:00:33]} 30. d6 {[%emt 0:02:05]} Qb7+ {[%emt 0:01:45]} 31. Kh2 {[%emt 0:00:12]} Nh4 {[%emt 0:00:44]} 32. Rf2 {[%emt 0:01:28]} f6 {[%emt 0:05:00]} 33. d7 {[%emt 0:04:55]} fxg5 {[%emt 0:00:07]} 34. dxc8=Q {[%emt 0:00:16]} Qxc8 {[%emt 0:00:18]} 35. fxg5 {[%emt 0:01:30]} Qxh3+ {[%emt 0:00:08]} 0-1

[Event "4th ChessMates Murmansk 2020"]
[Site "Murmansk"]
[Date "2020.03.13"]
[Round "2.5"]
[White "Rikas, Artur"]
[Black "Gorlov, Artem"]
[Result "0-1"]
[WhiteElo "1580"]
[BlackElo "1912"]
[Annotator "TA"]
[PlyCount "73"]
[EventDate "2020.03.13"]
[EventType "team-tourn"]
[EventCountry "RUS"]
[SourceTitle "playchess.com"]
[Source "ChessBase"]
[SourceQuality "1"]

{[%evp 13,73,32,92,55,77,31,51,0,65,0,7,0,11,0,17,0,0,8,0,0,2,0,-1,-18,14,13,53,0,0,0,66,31,37,-43,-25,-42,6,8,52,68,71,43,58,0,0,-29,-31,-103,0,0,0,-10,-13,-18,-16,-77,-73,-76,-79,-124,-122,-102]} 1. e4 c5 2. Nc3 Nc6 3. Bb5 Nd4 4. Nf3 Nxb5 5. Nxb5 d6 6. d4 a6 7. Nc3 Bg4 (7... cxd4 $14 8. Qxd4 Nf6) 8. Be3 {B51: Sicilian: Moscow Variation (3 Bb5+) without 3...Bd7.} e6 9. h3 Bh5 {[#]} 10. O-O $146 ({White should try} 10. dxc5 $14 dxc5 11. Qxd8+ Rxd8 12. Nd2) ({Predecessor:} 10. Qd2 Nf6 11. O-O-O b5 12. dxc5 dxc5 13. Qxd8+ Rxd8 14. Rxd8+ Kxd8 15. Rd1+ Kc8 16. g4 Bg6 17. Ne5 {1-0 (34) Ionescu,I (2330)-Petrenko,S (2275) Bucharest 1998}) 10... Be7 (10... cxd4 $11 11. Bxd4 (11. Qxd4 Bxf3 12. gxf3 Ne7 $11) 11... Nf6) 11. Qe2 ({White should play} 11. dxc5 $14 dxc5 12. Qxd8+ Rxd8 13. Ne5) 11... Nf6 12. Rfd1 {aiming for dxc5.} Qc7 13. a4 b6 14. e5 dxe5 $1 15. dxe5 Nd7 $1 16. Bf4 O-O 17. g4 Bg6 18. Rd2 Qc6 19. Rad1 Ra7 20. Ng5 (20. Bg5 $14 Nb8 21. Bxe7 Rxe7 22. Nh4) 20... h6 $11 21. Nge4 Kh7 (21... b5 $11 22. axb5 axb5) 22. Nd6 f6 23. exf6 (23. h4 $14) 23... Bxf6 $15 24. Bg3 Bd4 25. Nce4 Nf6 26. Nxf6+ Bxf6 27. h4 Kh8 ({Not} 27... Bxb2 $2 28. h5 $18) 28. g5 (28. c3 $14) 28... hxg5 $11 29. hxg5 Bxg5 30. Qxe6 {[#]} (30. f4 $1 $15 Bh6 31. Qxe6) 30... Rf6 (30... Qf3 $1 $17 {Strongly threatening ...Re7.} 31. Rd5 (31. Qxg6 $2 Bxd2 32. Rxd2 Re7 $19) 31... Bxc2 {[%mdl 64] Double Attack}) 31. Qh3+ Bh6 32. Nc8 Raf7 {White must now prevent ...Bf5.} 33. Rd8+ Kh7 {Threatens to win with ...Bf5.} 34. Nd6 {[#]} (34. Re1 $1 $11 {keeps the balance.} Bxc2 35. Ne7) 34... Rf8 $1 $17 {[%cal Rf8d8] Black is better.} 35. Rxf8 Rxf8 36. c3 Qxa4 37. Re1 {Accuracy: White = 50%, Black = 70%.} 0-1

[Event "4th ChessMates Murmansk 2020"]
[Site "Murmansk"]
[Date "2020.03.13"]
[Round "2.6"]
[White "Shilnikov, Anton"]
[Black "Myskovski, Deniss"]
[Result "1-0"]
[WhiteElo "1769"]
[BlackElo "1205"]
[Annotator "NA RC"]
[PlyCount "55"]
[EventDate "2020.03.13"]
[EventType "team-tourn"]
[EventCountry "RUS"]
[SourceTitle "playchess.com"]
[Source "ChessBase"]
[SourceQuality "1"]
[TimeControl "5400+30"]

1. e4 {[%emt 0:00:00]} e5 {[%emt 0:00:33]} 2. Nf3 {[%emt 0:00:00]} Nc6 {[%emt 0:00:12]} 3. d4 {[%emt 0:00:00]} exd4 {[%emt 0:01:19]} 4. Bc4 {[%emt 0:00:02]} Bc5 {[%emt 0:00:39]} 5. c3 {[%emt 0:00:03]} d3 {[%emt 0:01:19]} 6. Qxd3 {[%emt 0:01:19]} d6 {[%emt 0:00:38]} 7. O-O {[%emt 0:02:03]} Be6 {[%emt 0:00:46]} 8. Bxe6 {[%emt 0:07:33]} fxe6 {[%emt 0:00:14]} 9. b4 {[%emt 0:03:37]} Bb6 {[%emt 0:00:49]} 10. Bb2 {[%emt 0:01:50]} e5 {[%emt 0:00:42]} 11. a4 {[%emt 0:04:11]} a6 {[%emt 0:00:22]} 12. Na3 {[%emt 0:00:49]} Nf6 {[%emt 0:01:36]} 13. Nc4 {[%emt 0:00:11]} Ba7 {[%emt 0:01:19]} 14. b5 {[%emt 0:00:44]} Nb8 {[%emt 0:03:30]} 15. Rad1 {[%emt 0:02:59]} Bc5 {[%emt 0:02:33]} 16. Ncxe5 {[%emt 0:02:08]} Nbd7 {[%emt 0:01:27]} 17. Nxd7 {[%emt 0:00:14]} Qxd7 {[%emt 0:01:47]} 18. e5 {[%emt 0:00:56]} dxe5 {[%emt 0:01:09]} 19. Qc4 {[%emt 0:00:29]} Qe7 {[%emt 0:10:44]} 20. Nxe5 {[%emt 0:01:23]} Bd6 {[%emt 0:01:24]} 21. f4 {[%emt 0:02:57]} Nd7 {[%emt 0:07:16]} 22. Nxd7 {[%emt 0:01:22]} Kxd7 {[%emt 0:01:07]} 23. Rfe1 {[%emt 0:00:22]} Qf6 {[%emt 0:03:07]} 24. b6 {[%emt 0:00:11]} Kc8 {[%emt 0:03:29]} 25. Ba3 {[%emt 0:00:43]} Qxf4 {[%emt 0:03:12]} 26. Qe6+ {[%emt 0:00:07]} Kd8 {[%emt 0:06:50]} 27. Bxd6 {[%emt 0:00:38]} cxd6 {[%emt 0:00:55]} 28. Rxd6+ {[%emt 0:00:05]} 1-0